Suppression und Regeneration der Nebennierenrinde nach parenteraler Gabe von Triamcinolonacetonid und 6-Methylprednisolon in Depot-Form bei Ratten

Saved in:
Bibliographic Details
Main Author: Meier, Gabriele (Author)
Format: Book/Monograph Thesis
Language:German
Published: 1989
Subjects:
Online Access: Get full text
Author Notes:vorgelegt von Gabriele Meier

MARC

LEADER 00000cam a2200000 c 4500
001 1607617110
003 DE-627
005 20260311155741.0
007 tu
008 920728s1989 xx ||||| m 00| ||ger c
015 |a 89,H07,1384  |2 dnb 
016 7 |a 890985898  |2 DE-101 
035 |a (DE-627)1607617110 
035 |a (DE-576)029296412 
035 |a (DE-599)DNB890985898 
035 |a (OCoLC)1578840070 
035 |a (OCoLC)75075258 
040 |a DE-627  |b ger  |c DE-627  |e rakwb 
041 |a ger 
084 |a 33  |2 sdnb 
100 1 |a Meier, Gabriele  |d 1961-  |0 (DE-588)1392657113  |0 (DE-627)1964979048  |4 aut 
245 1 0 |a Suppression und Regeneration der Nebennierenrinde nach parenteraler Gabe von Triamcinolonacetonid und 6-Methylprednisolon in Depot-Form bei Ratten  |c vorgelegt von Gabriele Meier 
246 1 |i Ansetzungssachtitel  |a Suppression und Regeneration der Nebennierenrinde nach parenteraler Gabe von Triamcinolonacetonid und Alpha-Methylprednisolon in Depot-Form bei Ratten 
264 1 |c 1989 
300 |a X, 134 Bl.  |b graph. Darst. 
336 |a Text  |b txt  |2 rdacontent 
337 |a ohne Hilfsmittel zu benutzen  |b n  |2 rdamedia 
338 |a Band  |b nc  |2 rdacarrier 
502 |a Heidelberg, Univ., Diss., 1989 
583 1 |a Archivierung prüfen  |c 20200919  |f DE-640  |z 1  |2 pdager 
655 7 |a Hochschulschrift  |0 (DE-588)4113937-9  |0 (DE-627)105825778  |0 (DE-576)209480580  |2 gnd-content 
951 |a BO 
992 |a 20260311 
993 |a Thesis 
994 |a 1989 
998 |g 1392657113  |a Meier, Gabriele  |m 1392657113:Meier, Gabriele  |d 50000  |d 51001  |e 50000PM1392657113  |e 51001PM1392657113  |k 0/50000/  |k 1/50000/51001/  |p 1  |x j  |y j 
999 |a KXP-PPN1607617110  |e 4932838107 
BIB |a Y 
JSO |a {"name":{"displayForm":["vorgelegt von Gabriele Meier"]},"type":{"bibl":"thesis"},"origin":[{"dateIssuedKey":"1989","dateIssuedDisp":"1989"}],"physDesc":[{"noteIll":"graph. Darst.","extent":"X, 134 Bl."}],"titleAlt":[{"title":"Suppression und Regeneration der Nebennierenrinde nach parenteraler Gabe von Triamcinolonacetonid und Alpha-Methylprednisolon in Depot-Form bei Ratten"}],"noteThesis":["Heidelberg, Univ., Diss., 1989"],"language":["ger"],"recId":"1607617110","person":[{"family":"Meier","display":"Meier, Gabriele","role":"aut","given":"Gabriele"}],"title":[{"title_sort":"Suppression und Regeneration der Nebennierenrinde nach parenteraler Gabe von Triamcinolonacetonid und 6-Methylprednisolon in Depot-Form bei Ratten","title":"Suppression und Regeneration der Nebennierenrinde nach parenteraler Gabe von Triamcinolonacetonid und 6-Methylprednisolon in Depot-Form bei Ratten"}],"id":{"eki":["1607617110"]}} 
SRT |a MEIERGABRISUPPRESSIO1989